Clay pipe engineering manual : (Record no. 548110)
[ view plain ]
| 000 -LEADER | |
|---|---|
| fixed length control field | 00860cam a2200181 i 4500 |
| 082 00 - DEWEY DECIMAL CLASSIFICATION NUMBER | |
| Classification number | 628.15 |
| Author Mark | CLA |
| 110 2# - MAIN ENTRY--CORPORATE NAME | |
| Corporate name or jurisdiction name as entry element | National Clay Pipe Institute (U.S.) |
| 9 (RLIN) | 44270 |
| 245 10 - TITLE STATEMENT | |
| Title | Clay pipe engineering manual : |
| Remainder of title | engineering reference data applicable to the design and construction of sanitary sewer systems, storm water drainage systems, subsoil drainage, roadway drainage, airport drainage. |
| 260 ## - PUBLICATION, DISTRIBUTION, ETC. | |
| Place of publication, distribution, etc. | Crystal Lake, Ill. : |
| Name of publisher, distributor, etc. | National Clay Pipe Institute, |
| Date of publication, distribution, etc. | [1972] |
| 300 ## - PHYSICAL DESCRIPTION | |
| Extent | 148 p. : |
| Other physical details | ill. ; |
| Dimensions | 25 cm. |
| 500 ## - GENERAL NOTE | |
| General note | Published in 1953 by the body under an earlier name: Clay Products Association. |
| 526 ## - STUDY PROGRAM INFORMATION NOTE | |
| Program name | 0 |
| Interest level | 0 |
| Reading level | 0 |
| Title point value | 628_150000000000000_CLA |
| 650 #0 - SUBJECT ADDED ENTRY--TOPICAL TERM | |
| Topical term or geographic name entry element | Drainage |
| General subdivision | Handbooks, manuals, etc. |
| 9 (RLIN) | 43669 |
| 650 #0 - SUBJECT ADDED ENTRY--TOPICAL TERM | |
| Topical term or geographic name entry element | MCE |
| 9 (RLIN) | 379 |
| 650 #0 - SUBJECT ADDED ENTRY--TOPICAL TERM | |
| Topical term or geographic name entry element | Pipe, Clay |
| General subdivision | Handbooks, manuals, etc. |
| 9 (RLIN) | 44271 |
| 710 2# - ADDED ENTRY--CORPORATE NAME | |
| Corporate name or jurisdiction name as entry element | Clay Products Association, Chicago. |
| 9 (RLIN) | 44272 |
| 942 ## - ADDED ENTRY ELEMENTS (KOHA) | |
| Source of classification or shelving scheme | |
| Koha item type | Book |
| Withdrawn status | Lost status | Source of classification or shelving scheme | Damaged status | Not for loan | Permanent Location | Current Location | Date acquired | Total Checkouts | Full call number | Barcode | Date last seen | Price effective from | Koha item type |
|---|---|---|---|---|---|---|---|---|---|---|---|---|---|
| Military College of Engineering (MCE) | Military College of Engineering (MCE) | 08/20/2014 | 628.15 CLA | MCE-41944 | 08/20/2014 | 08/20/2014 | Book |
